Statistics for Elements Word Search

Click here to take the quiz!

General Stats

  • This quiz has been taken 168 times
  • The average score is 8 of 11

Answer Stats

Answer % Correct
Boron
98%
Lithium
92%
Yttrium
80%
Barium
80%
Osmium
78%
Iodine
73%
Holmium
72%
Gold
71%
Neon
62%
Iron
49%
Tin
47%

Score Distribution

Percentile by Number Answered

Percent of People with Each Score

Your Score History

You have not taken this quiz